French Chapter 15 Vocabulary Quiz Stats

 Plays Quiz not verified by Sporcle

Support Sporcle.
Go Orange.
Score 0/52 Timer 20:00
0 Plays Today
Hint Answer % Correct
A posterUne affiche
71.4%
The witL'esprit
71.4%
A short storyUne nouvelle
71.4%
A novelUn roman
71.4%
A book (1)Un bouquin
57.1%
A masterpieceUn chef-d'oeuvre
57.1%
A column (newspaper) (1)Une chronique
57.1%
ShoppingLes courses
57.1%
A story, tale (1)Un conte
57.1%
A leafletUn dépliant
57.1%
An essayUne dissertation
57.1%
A giftUn don
57.1%
A writerUn écrivain
57.1%
A program (TV)Une émission
57.1%
An ordeal, proofUne épreuve
57.1%
A soap operaUn feuilleton
57.1%
The closureLa fermeture
57.1%
ReadingLa lecture
57.1%
A whatnotUn machin
57.1%
A circle (middle)Un milieu
57.1%
The work (1)L'oeuvre
57.1%
The work (2)L'ouvrage
57.1%
The breakdown, to have run out ofLa panne
57.1%
The performance, renderingLa représentation
57.1%
A novelistUn romancier
57.1%
A pennyUn sou
57.1%
Hint Answer % Correct
The star (person)La vedette
57.1%
A book (2)Un volume
57.1%
LazyParesseux
57.1%
To actAgir
57.1%
To spendDépenser
57.1%
To launchSe lancer
57.1%
To cross outRayer
57.1%
A trade (profession)Un métier
42.9%
The playLa pièce de théâtre
42.9%
The rewardLa récompense
42.9%
The coverageLe reportage
42.9%
A column (newspaper) (2)Une rubrique
42.9%
The film scriptLe scénario
42.9%
GiftedDoué
42.9%
UnpublishedInédit
42.9%
To producePondre
42.9%
Single fileà la queue leu leu
42.9%
Train of thoughtLe fil de la pensée
42.9%
A freelance journalistUn pigiste
28.6%
The tale (2)Le récit
28.6%
A collection of poems Un recueil de poésie
28.6%
The compositionLa rédaction
28.6%
A magazineUne revue
28.6%
To writeRédiger
28.6%
There's no telling what tomorrow might bringLes jours se suivent et ne se ressemblent guère
28.6%
The publicationLa parution
14.3%

You're not logged in!

Compare scores with friends on all Sporcle quizzes.
OR
Log In

From the Vault

Novel Titles Explained!

by Westbranch

At this point, you'll never have to read again because we've explained it all to you.
Remove Ads.
Support Sporcle.
Get the best of Sporcle when you Go Orange. This ad-free experience offers more features, more stats, and more fun while also helping to support Sporcle. Thank you for becoming a member.

Show Comments

Extras

Top Quizzes Today


Score Distribution

Your Account Isn't Verified!

In order to create a playlist on Sporcle, you need to verify the email address you used during registration. Go to your Sporcle Settings to finish the process.

Report this User

Report this user for behavior that violates our Community Guidelines.

Details: